Sports Quiz

Random Sports or Europe Quiz

FC Barcelona - europe / world club opponents (-2013) Quiz Stats

 Plays Quiz not verified by Sporcle

Score 0/145 Timer 10:00
1 Play Today
Hint Answer % Correct
-Manchester United F.C.
93%
.Real Madrid C.F.
92%
*Arsenal F.C.
91%
.Chelsea F.C.
90%
-Bayer 04 Leverkusen
90%
.A.C. Milan
87%
*Manchester City F.C.
86%
.F.C. Internazionale Milano
84%
-FC Bayern München
84%
,Juventus F.C.
82%
,Liverpool F.C.
82%
.S.L. Benfica
81%
,F.C. Porto
81%
-Paris Saint-Germain F.C.
81%
*BV Borussia 09 Dortmund
80%
*A.F.C. Ajax
78%
.Sporting C.P.
73%
.Valencia C.F.
73%
*Olympique de Lyonnais
73%
.Celtic F.C.
71%
,PSV Eindhoven
69%
*Rangers F.C.
68%
*A.S. Roma
67%
.ACF Fiorentina
64%
,Tottenham Hotspur F.C.
64%
,Feyenoord Rotterdam
62%
*FC Schalke 04
61%
,S.S. Lazio
60%
-SV Werder Bremen
60%
,Leeds United A.F.C.
59%
.Hamburger SV
58%
-Sevilla FC
58%
*Newcastle United F.C.
57%
-U.C. Sampdoria
57%
-FC Spartak Moscow
57%
,CSA Steaua București
56%
,R.S.C. Anderlecht
56%
*Panathinaikos A.O.
56%
-AS Monaco FC
55%
-FC Dynamo Kyiv
53%
*FC Lokomotiv Moscow
53%
*VFB Stuttgart 1893
53%
.Basel XI
51%
-Galatasaray S.K.
51%
*Udinese Calcio
51%
*FC Basel
51%
.Copenhagen XI
50%
*F.C. København
50%
.GNK Dinamo Zagreb
49%
Hint Answer % Correct
,Athletic Club
48%
,FC Shakhtar Donetsk
48%
,Nottingham Forest F.C.
47%
-FK Austria Wien
47%
-CSKA Moscow
47%
*Club Brugge K.V.
47%
*FC Rubin Kazan
47%
-Standard Liège
46%
*Beşiktaş J.K.
45%
,Aston Villa F.C.
44%
-AC Sparta Praha
44%
*FK BATE Borisov
44%
*A.E.K. Athen
42%
,1. FC Lokomotive Leipzig
41%
-Legia Warszawa
41%
-AEK Larnaca F.C.
41%
*Fenerbahçe S.K.
41%
.FK Crvena Zvezda Beograd
40%
*Santos FC
40%
,1.FC Köln
37%
-Dynamo Moscow
36%
.FC Zürich
33%
*Brøndby IF
33%
*Hertha BSC
33%
*Wisła Kraków
33%
,AZ Alkmaar
32%
-IFK Göteborg
32%
.OGC Nice
29%
,PAOK F.C.
28%
.PFC CSKA Sofia
27%
*FC Viktoria Plzeň
27%
.RCD Espanyol de Barcelona
25%
,PFK Lewski Sofia
25%
-1.FC Kaiserslautern
24%
*RC Celta de Vigo
24%
.Dundee United F.C.
23%
.Hannover 96
21%
*S.C. Internacional
21%
,Ipswich Town F.C.
20%
*Club América
20%
.Birmingham City F.C.
19%
.Hibernian FC
19%
-A.I.K.
19%
.Real Zaragoza
17%
-FC Metz
17%
-Lech Poznań
17%
-São Paulo FC
17%
.London XI
16%
.K. Lierse S.K.
16%
Hint Answer % Correct
-N.E.C. Nijmegen
16%
*Estudiantes de La Plata
16%
.C.F. Os Belenenses
14%
.Wolverhampton Wanderers F.C.
13%
.VV DOS Utrecht
13%
,ŠK Slovan Bratislava
13%
.Zagreb XI
12%
,Fortuna Düsseldorf
12%
-Trabzonspor A.Ş.
12%
-F.C. Hansa Rostock
12%
.SFK Lyn
10%
,FC Aris Bonnevoie
10%
-Hapoel Be'er Sheva F.C.
10%
.Beograd XI
9%
.Royal Antwerp FC
9%
,Odense BK
9%
,Vasas SC
9%
.West-Berlin XI
8%
-Aarhus GF
8%
.Sheffield Wednesday F.C.
7%
.FC Lugano
7%
-Apollon Limassol FC
7%
-Skonto FC
7%
-1.FC Magdeburg
6%
*C.F. Atlante
6%
,Győri ETO FC
5%
,Dukla Praha
5%
-Knattspyrnufélagið Fram
5%
,GKS Katowice
4%
,Distillery F.C.
4%
,SK VÖEST Linz
4%
,PFC Botev Plovdiv
4%
-Vitória F.C.
4%
*Panionios G.S.S.
4%
*Al Sadd SC
4%
.FC Hradec Králové
3%
.Racing Club de Strasbourg
3%
,Åtvidabergs FF
3%
-FC Bayer 05 Uerdingen
3%
,K.S.C. Lokeren OV
2%
,Íþróttabandalag Akraness
2%
,Sliema Wanderers F.C.
2%
-Viking FK
2%
*FK Púchov
2%
,Östers IF
1%
,K.S.K. Beveren
1%
-KS Flamurtari Vlorë
1%

You're not logged in!

Compare scores with friends on all Sporcle quizzes.
OR
Log In

You Might Also Like...

Show Comments

Extras

Top Quizzes Today


Score Distribution

Your Account Isn't Verified!

In order to create a playlist on Sporcle, you need to verify the email address you used during registration. Go to your Sporcle Settings to finish the process.

Report this User

Report this user for behavior that violates our Community Guidelines.

Details: